[Event "37th Biel Festival"]
[Site "Biel SUI"]
[Date "2004.07.20"]
[Round "2"]
[White "McShane, Luke"]
[Black "Pelletier, Yannick"]
[Result "0-1"]
[WhiteElo "2643"]
[BlackElo "2597"]
[PlyCount "79"]
[EventDate "2004.07.19"]

1. e4 c5 2. Nf3 d6 3. d4 cxd4 4. Nxd4 Nf6 5. Nc3 a6 6. Be2 e6 7. f4 Nc6 8. Be3 Be7 9. O-O O-O 10. a4 Re8 11. Kh1 Qc7 12. Bf3 Rb8 13. Qe1 e5 14. Nde2 Bf8 15. Qf2 b5 16. axb5 axb5 17. Nd5 Nxd5 18. exd5 Nb4 19. fxe5 Rxe5 20. Ba7 Rb7 21. Bd4 Re8 22. Nc3 Bf5 23. Bd1 Bg6 24. Qd2 Qc8 25. Rc1 Rbe7 26. Bg1 Re5 27. Nxb5 Nxd5 28. Bf3 Ne3 29. Bxe3 Rxe3 30. h3 Qb8 31. c4 Rd3 32. Qf4 d5 33. Bxd5 Rxd5 34. Qxb8 Rxb8 35. cxd5 Rxb5 36. Rc8 Rxd5 37. Ra1 Bf5 38. Rb8 g6 39. Raa8 Kg7 40. Rxf8 0-1